000 01635nam a2200241Ia 4500
003 Ost
005 20260507075802.0
008 260507s9999||||xx |||||||||||||| ||und||
020 _a9789957661878
040 _cfsecg
041 _aara
082 _a516
100 _aبن الضب ، علي عبد القادر
_eمؤلف
245 0 _aمبادئ الهندسة المالية :
_bتطبيقات الرياضيات المالية المتقدمة و الحوسبة المالية /
_c علي عبد القادر بن الضب
246 _aprincipals of financial engineering
260 _aالجزائر :
_bدار الحامد,
_c2020
300 _a570 صفحة؛
_bإيضاحات ؛
_c24 سم
504 _aببليوغرافياص.ص.547-570.
520 _aيتناول الكتاب جوهر الهندسة العقود الاجلة و المستقبليات، غقود الخيارات المفاهيم الفلسفة و الاستراتيجيات ، تقييم الخيارات في الزمن المتقطع و نماذج ثنائي الحد ،السيرورات العشوائية في الزمن المتقطع و المستمر و تطبيقاتها في المالية ، نمادج تسعير الخيارات في الزمن المستمر و نمودج بلاك سكولز ، التحوط و ادارة محفظة المشتقات باستخدام الحروف اليونانية ، ميكاننيزمات عقود المبادرلات و ادارة مخاطر معدل الفائدة .
653 _aالهندسة الإلكترونية
653 _aالهندسة الرياضية
942 _cكتاب
999 _c46311
_d46311